LEADER 01180nam a2200265 i 4500 001 000000090201 003 CaOOAMICUS 005 20030801000000.0 008 030801s1992 be u000 u fre u 013 $a62443 020 $a2-87365-004-4 040 $aSeMil$bita 100 1 $aFolz, Robert.$0(OLS)http://semarc/name/39332 245 14$aLes saintes reines du Moyen Âge en Occident :$b6.-13. siècles /$cpar Robert Folz. 260 $aBruxelles :$bSociété des Bollandistes,$c1992. 300 $aXX, 200 p. ;$c25 cm. 490 0 $aSubsidia hagiographica ;$v76 650 4$aSante sovrane - Storia - Sec. 6.-13.$0(OLS)http://semarc/subject/16515 830 0$aSubsidia hagiographica ;$v76.$0(OLS)http://semarc/title/570 850 $aSeMil 852 $aSeMil$W1$xVenegono$y1$mSL1.S III 33$j53177$B53177$CSeMilBibl$Z2$F57802 $8I 961 $aSottoscrizione: Société des Bollandistes 996 $6020$a2-87365-004-4$9(OLS)http://semarc/number/70149 996 $6245$aLes saintes reines du Moyen Âge en Occident :$b6.-13. siècles$9(OLS)http://semarc/title/136098 996 $6260$aBruxelles :$bSociété des Bollandistes$9(OLS)http://semarc/publisher/29839 LEADER 01762nam a2200277 i 4500 001 000000119328 003 CaOOAMICUS 005 20220707124120.0 008 170609s1609 it u000 u ita u 013 $a92021 026 $edis- o.o. o.e- nach (3) 1609 (R) 040 $aSeMil$bita 100 1 $aSansovino, Francesco,$d<1521-1583>.$0(OLS)http://semarc/name/47220 245 00$aDella origine, et de' fatti delle famiglie illustri d'Italia, di M. Francesco Sansouino, libro primo. Nel quale, oltre alla particolar cognitione, cosi de principij, come anco delle dipendenze, & parentele di esse case nobili, ... successi in Italia, & fuori, fino a tempi nostri. Con i nomi de i più famosi capitani & generali .. 260 $aIn Vinegia :$bpresso Altobello Salicato,$c1609. 300 $a[6], 405, [1] c. ;$c8°. 500 $aIniz., testatine xilogr. 500 $aMarca editoriale: Fortezza: donna con colonna spezzata tra le braccia. Motto: Materiam superat opus. (V451) Sul front. 500 $aLe cc. da 387 alla fine tarlate 500 $aSegn.: ?6 A-3D8 3E6 710 0 $aSalicato, Altobello$c.$0(OLS)http://semarc/name/93113 850 $aSeMil 852 $aSeMil$W1$xVenegono$y1$m3W II 1 FA$j74557$B74557$CSeMilBibl$Z2$F76769 $8I 996 $6245$aDella origine, et de' fatti delle famiglie illustri d'Italia, di M. Francesco Sansouino, libro primo. Nel quale, oltre alla particolar cognitione, cosi de principij, come anco delle dipendenze, & parentele di esse case nobili, ... successi in Italia, & fuori, fino a tempi nostri. Con i nomi de i più famosi capitani & generali ..$9(OLS)http://semarc/title/407746 996 $6260$aIn Vinegia :$bpresso Altobello Salicato$9(OLS)http://semarc/publisher/60491